Kenzo Tange /

Uložené v:
Podrobná bibliografia
Hlavný autor: Boyd, Robin (Autor)
Médium: Kniha
Jazyk:English
Vydavateľské údaje: New York : George Braziller, Inc., 1962
Vydanie:1. vydanie
Edícia:Makers of Contemporary Architecture
Predmet:
Tagy: Pridať tag
Žiadne tagy, Buďte prvý, kto otaguje tento záznam!

MARC

LEADER 00000nam a22000003a 4500
001 0066271
003 SK-STU
005 20200113104205.4
007 ta
008 180713s ----xo-----e------000-0-----d
040 |a STU  |b slo 
041 0 |a eng 
044 |a xxu 
100 1 |a Boyd, Robin  |4 aut 
245 1 0 |a Kenzo Tange /  |c aut. Robin Boyd 
250 |a 1. vydanie 
260 |a New York :  |b George Braziller, Inc.,  |c 1962 
300 |a 127 s. 
490 0 |a Makers of Contemporary Architecture 
650 0 7 |a architekti japonskí 
650 0 7 |a architektúra japonská 
650 0 7 |a architektonické dielo 
650 0 7 |a občianske budovy 
650 0 7 |a architektúra 20. storočia 
996 |b 284AU07628  |c A* 10877/U  |l AAKNAR  |s A  |a 24  |w 0066271_0001